[Event "Sinquefield Cup 4th"]
[Site "Saint Louis"]
[Date "2016.08.05"]
[Round "1"]
[White "Anand, Viswanathan"]
[Black "Caruana, Fabiano"]
[Result "1/2-1/2"]
[WhiteElo "2770"]
[BlackElo "2807"]
[Annotator "Sumets,A"]
[PlyCount "89"]
[EventDate "2016.08.05"]
[EventType "tourn"]
[EventRounds "9"]
[EventCountry "USA"]
[EventCategory "22"]
[SourceTitle "CBM 174"]
[Source "ChessBase"]
[SourceDate "2016.09.13"]
[SourceVersion "1"]
[SourceVersionDate "2016.09.13"]
[SourceQuality "1"]

1. e4 e6 2. d4 d5 3. Nc3 Bb4 4. exd5 exd5 5. Bd3 Nf6 ({A few months ago
Fabiano played} 5... Nc6 6. a3 Bxc3+ 7. bxc3 Nge7 8. Qf3 Be6 9. Nh3 Qd7 10. Ng5
O-O-O $6 (10... Bf5 $1 11. g4 $6 {Kamran always has his own chess style.} Bg6
12. h4 f6 13. Nh3 h5 14. gxh5 Bxh5 15. Qg2 O-O-O $15 {Shirazi,K (2403)
-Vareille,F (2418) France 1999 0-1 (56)}) 11. O-O Rdf8 12. Nxe6 fxe6 13. Qe2
Nf5 14. a4 $14 {Vachier Lagrave,M (2788)-Caruana,F (2795)chess.com INT 2016
1-0 (57). I don't think that Fabiano was satisfied with his position. So he
prepared another line.}) 6. Nge2 O-O 7. O-O c6 8. Bg5 ({Sometimes White
doesn't hurry up to develop his dark-squared bishop:} 8. h3 Re8 9. Ng3 Nbd7 10.
Qf3 (10. a3 Bd6 11. Qf3 (11. Nf5 Bc7 12. Qf3 Nf8 13. Bg5 Bxf5 14. Bxf5 Qd6 15.
g3 h6 16. Be3 (16. Bf4 Qd8 17. Bxc7 Qxc7 18. Kg2 Re7 $11) 16... Re7 17. Bf4 Qd8
18. Bd2 Ne6 19. Bxe6 Rxe6 20. Rfe1 $11 {Medvegy,Z (2474)-Hoang,T (2470)
Budapest 2005 1/2 (26)}) 11... Nf8 12. Bg5 Be7 13. Rfe1 Ne6 14. Be3 g6 15. Nce2
Bf8 16. c3 Bg7 17. Nf4 Ng5 18. Qd1 Bd7 19. Nfe2 Nge4 20. Bf4 Qb6 $11 {
Andriasian,Z (2594)-Kovalenko,I (2680) Al-Ain UAE 2015 1/2 (53)}) 10... Nf8 11.
Nce2 Ng6 12. c3 Bd6 $6 {Igor Naumkin, who has never had a computer, because he
doesn't know how to turn it on, immediately played 12...Be7, which is stronger
than ...Bd6.} (12... Be7 13. Nf4 Bd7 14. Be3 $6 Nh4 15. Qd1 Bd6 16. Re1 {
1/2 (16) Yudasin,L (2540)-Naumkin,I (2435) Montecatini Terme 1998. Igor could
have won a pawn after} Bxf4 $1 17. Bxf4 Rxe1+ 18. Qxe1 Bxh3 $17) 13. Bg5 Be7 $8
14. Nf4 Nxf4 (14... Ne4 15. Bxe7 Qxe7 16. Rae1 f5 17. Nxg6 hxg6 18. Qf4 Be6 19.
h4 $14) 15. Bxf4 g6 16. Rae1 Be6 17. Re2 $14 {Bok,B (2562)-Van Kampen,R (2609)
Amsterdam 2015 1/2 (27)}) 8... h6 {A concession. Now White can play Bh4.} (8...
Re8 $1 9. Ng3 h6 {and Black has good chances to equalise:} 10. Bf4 (10. Bd2
Nbd7 11. Nce2 Bxd2 12. Qxd2 Nf8 13. Nf4 Qd6 14. f3 Bd7 15. Bf5 Re7 16. Bxd7
Qxd7 17. Nd3 Ng6 18. Nc5 Qc7 19. Nf5 Ree8 $11 {Shirov,A (2755)-Ivanchuk,V 
(2751) Morelia/Linares 2008 1/2 (30)}) (10. Bh4 $2 g5 $19) 10... Bg4 11. Qd2
Nbd7 12. a3 Bf8 13. h3 Be6 14. b3 {Ivan doesn't want to admit that White has
no advantage, so tries to prepare f4, f5, which leads to a worse position.} a6
15. Be3 (15. Rfe1 Rc8 16. Nf5 c5 $11) 15... Rc8 16. f4 Nb8 $1 17. f5 Bd7 {
After ...c5 White will have only problems with his f5-pawn.} 18. Kh1 c5 $1 19.
dxc5 Bxc5 (19... Qc7 $1 20. Nge2 Bxc5 21. Bxc5 Qxc5 22. Qf4 Nc6 $15 {In order
to avoid problems White needs to play very precisely}) 20. Bxc5 Rxc5 21. Nge2
Qc8 (21... Qb6 $5 22. Nd4 Rcc8 23. Nce2 Nc6 24. Qf4 Ne5 $15) 22. Rf4 d4 $6 23.
Rxd4 Bxf5 $11 {Ivanisevic,I (2636)-Vallejo Pons,F (2705) Porto Carras 2011 1/2
(30)}) 9. Bh4 Re8 10. f3 {Black's counterplay is connected with preparation of
...Ne4, so White wants to get control over this square, then he can play Qd2,
Bf2, Ng3 with some chances to obtain an advantage.} ({Another continuation is} 
10. h3 Nbd7 11. a3 Bf8 12. Re1 Nb6 13. b3 Bd7 14. Bg3 Ne4 15. Be5 f6 (15... Nc8
$5 16. Nxe4 $6 dxe4 17. Bxe4 f6 18. Bg6 fxe5 19. Bxe8 Qxe8 20. dxe5 Nb6 $15)
16. Bh2 f5 17. f3 Nxc3 18. Nxc3 Qh4 19. Ne2 c5 20. Bg3 Qf6 21. c3 f4 $6 (21...
c4 22. Be5 Qf7 23. Bc2 cxb3 24. Bxb3 Nc4 $11) 22. Nxf4 cxd4 23. Rxe8 Rxe8 24.
cxd4 Bd6 25. Nh5 Qxd4+ 26. Kh1 $14 {Glek,I (2565)-Vaganian,R (2630)
Netherlands 1998 0-1 (44)}) 10... Nbd7 11. Qd2 ({White can try a more
aggressive but risky plan:} 11. Kh1 Nf8 12. g4 Ng6 13. Bg3 (13. Bxg6 $6 fxg6
14. Bg3 g5 15. Qd3 b6 16. Rae1 a5 $15) 13... h5 14. h3 Bd6 15. Qd2 Bxg3 (15...
hxg4 16. hxg4 (16. fxg4 $6 Ne4 17. Bxe4 dxe4 18. Qe3 Be6 19. Rae1 Bb4 20. a3
Ba5 $15) 16... Nh7 17. Rf2 Bxg3 18. Nxg3 Ng5 $11) 16. Nxg3 Qd6 17. Nce2 hxg4
18. hxg4 Nh7 19. Rf2 Qf6 20. Nh5 Qe7 21. Nef4 $14 Nxf4 22. Qxf4 Nf8 23. Re2 Be6
24. g5 Ng6 25. Qg3 Qd7 26. Rae1 $16 {Ulibin,M (2562) -Prokopchuk,E (2470)
Koszalin 1999 1/2 (70)}) 11... Nf8 12. Rae1 Bd7 13. a3 Be7 14. Bf2 Ng6 $146 ({
Black showed a convincing way to equalize the game after} 14... Bd6 15. Nd1 Qc7
16. Bg3 Nh5 17. Bxd6 Qxd6 18. g4 Nf6 19. Qf4 Qxf4 20. Nxf4 g5 21. Ne2 Re7 22.
Ng3 Rxe1 23. Rxe1 Re8 24. Rxe8 Nxe8 $11 {Fakhrutdinov,T (2161)-Ponfilenok,V 
(2399) Kazan 2014 1/2 (43)}) 15. Bg3 {An ambitious plan. White wants to put
his bishop on e5 and gradually launch an attack by means of f4, Ng3, f5.
However in the following game Fabiano indicated the drawbacks of this plan.} ({
Black would have had much more problems if White had played} 15. Nd1 $5 Bd6 (
15... Nh5 16. Bxg6 $1 fxg6 17. g4 $1 Nf6 (17... Bg5 18. Be3 Bxe3+ 19. Nxe3 Nf6
20. Nf4 g5 21. Nd3 Qc7 22. Re2 $14) 18. Nf4 g5 19. Ng6 Bd6 20. Bg3 Be6 21. Kg2
$14) 16. Bg3 Bxg3 17. hxg3 $5 (17. Nxg3 Qc7 18. c3 Qf4 $11) 17... Qc7 18. c3
Re7 19. Nf4 Rxe1 20. Rxe1 Nxf4 21. gxf4 {with a slightly better position for
White.}) 15... Nh5 16. Bxg6 fxg6 17. Be5 Bh4 18. Rd1 {After this move White is
almost forced to meet ...Bg5 with f4. 18.Rb1 or 18.Ra1 with the idea to play
18...Bg5 19.Qd1 deserved consideration.} (18. Rb1 Bg5 19. Qd1 Be3+ 20. Kh1 g5
21. Qd3 Bf4 22. Nxf4 Nxf4 23. Qd2 Ng6 $11) 18... Bg5 19. f4 ({White has a
worse position after} 19. Qe1 Nf4 20. Nxf4 Bxf4 21. Rf2 g5 22. g3 Bxe5 23. dxe5
Qb6 24. Na4 Qc7 25. f4 Bf5 $15) 19... Be7 20. h3 Be6 21. Kh2 Nf6 22. Nc1 ({
Probably Vishy should have hindered his opponent from playing ...h5, ...Bf5 by
means of} 22. g4 $5 Bf7 23. Rde1 Nd7 24. Ng3 a5 25. Qd3 {with a roughly equal
position.}) 22... h5 $1 23. Nd3 Bf5 24. Ne2 Ne4 $15 {In the first part of the
game Fabiano has played almost perfectly and he has got a significant
advantage.} 25. Qe3 h4 26. Rc1 Rc8 27. c3 Qb6 $5 {This is a strong move, which
is connected with a wrong plan.} ({Fabiano could have played} 27... b6 28. Rfe1
Qd7 29. Ng1 c5 30. Nf3 Bd8 $15 {with clear advantage.}) 28. b4 Bf6 $6 (28...
Qd8 29. Nc5 Nd6 $15 {then Black will play ...b6 with ...c5 following.}) 29. Nc5
Nxc5 $6 {The black queen has nothing to do on b2.} (29... a5 $5 30. Nxe4 Bxe5
31. fxe5 Rxe5 32. bxa5 Qa7 33. Qg5 Rxe4 34. Nf4 $13) 30. bxc5 $11 {At least
White has equalised the game.} Qb2 31. Ng1 b6 (31... Qxa3 $6 32. Ra1 Qb2 33.
Rxa7 Ra8 34. Rxa8 Rxa8 35. Bxf6 gxf6 36. Rf2 Qb1 37. Nf3 $14) 32. Nf3 bxc5 ({
After} 32... Be4 33. c4 $1 {Only White has some chances to obtain an advantage:
} Bxe5 (33... bxc5 34. cxd5 cxd5 (34... Bxd5 $6 35. Rxc5 Be7 36. Rc3 Bf6 37.
Rf2 Qb7 38. Qd3 $14) 35. Bxf6 gxf6 36. dxc5 Kg7 37. Rg1 Bxf3 38. Qxf3 Rc7 39.
Qxd5 Qxa3 $11) 34. dxe5 g5 35. fxg5 Bxf3 36. Rxf3 Qxe5+ 37. Qxe5 Rxe5 38. cxb6
axb6 39. cxd5 Rxd5 $11) 33. dxc5 Be4 34. Rce1 Re7 $6 {Now Black can get into
trouble.} ({Fabiano should have preferred} 34... Bxe5 35. fxe5 Re6 (35... Rxe5
$2 36. Rf2 Qb8 37. Nxe5 Qxe5+ 38. Kg1 $16) 36. Nxh4 Rce8 37. Nf3 Rxe5 38. Rf2
Bxf3 39. Qxf3 Qb8 40. Rxe5 Qxe5+ 41. Qg3 $11) 35. Bxf6 gxf6 36. Nxh4 $6 ({
Vishy would have got very good winning chances if he had played} 36. Rf2 $1
Qxa3 37. Nxh4 {Probably Black should have played} Rf7 (37... Rce8 38. Qd4 Kf7 (
38... Kg7 39. f5 g5 40. Ng6 Rf7 41. h4 gxh4 42. Nf4 $16) 39. f5 g5 40. Ng6 Rb7
41. h4 gxh4 42. Rf4 $16) (37... Rg7 38. Qd4 Rf8 39. f5 gxf5 40. Nxf5 Bxf5 41.
Rxf5 Qb2 42. Rf2 Qb8+ 43. Kh1 Qg3 44. c4 $16) 38. Qd4 Qb3 39. Nf3 Qb8 40. Nd2
Bf5 41. g4 Bd7 42. Rfe2 $14 {White's position is much better but Black's
position isn't hopeless.}) 36... Rce8 37. Qg3 Rg7 38. Ra1 ({The last chance to
continue the game was connected with} 38. c4 $5 dxc4 39. Re3 Qd4 (39... Qd2 40.
Rfe1 (40. f5 $2 gxf5 $17) 40... f5 41. Nf3 Qd5 42. Ng5 $14) 40. f5 $1 (40. Rfe1
f5 41. Nf3 Qxc5 42. Ng5 Qd5 43. R1e2 c5 $11 {White has enough compensation for
the pawn}) 40... g5 (40... gxf5 41. Nxf5 $18) 41. Ng6 c3 42. Rfe1 Rb7 43. Qg4
c2 44. Rxe4 Rxe4 45. Rxe4 Qxc5 46. Rc4 c1=Q 47. Rxc1 Qxc1 48. Qd4 Qxa3 49. Qxf6
Qc5 $1 $11 {Black makes a draw. For example} 50. Qh8+ (50. Qxg5 Qd6+ 51. Ne5+
Rg7 52. Qf4 Re7 53. Qg3+ Rg7 54. Qf4 $11) 50... Kf7 51. Qh7+ (51. Ne5+ Ke7 52.
Qg7+ Kd8 53. Qxg5+ Re7 54. Ng6 Qd6+ 55. g3 (55. Kh1 Qd1+ 56. Kh2 Qd6+) 55...
Qc5 $1 56. Nxe7 (56. Qxe7+ $4 Qxe7 57. Nxe7 Kxe7 58. h4 a5 $19) 56... Qf2+ $11)
51... Kf6 52. Qxb7 Qd6+ 53. Kh1 Qd1+ $11) 38... g5 $1 {Fabiano has found a
reliable way to make a draw.} 39. fxg5 Rxg5 40. Qf2 Qxc3 41. Qxf6 (41. Rae1 $6
Rf8 42. Nf3 Rg7 43. Qe3 Qxe3 44. Rxe3 f5 $15) 41... Qg3+ 42. Kg1 Qxg2+ 43. Nxg2
Rxg2+ 44. Kh1 Rf2+ 45. Kg1 1/2-1/2

[Event "Financial Concept op 6th"]
[Site "North Bay"]
[Date "1999.08.06"]
[Round "6"]
[White "Miezis, Normunds"]
[Black "Tyomkin, Dimitri"]
[Result "0-1"]
[WhiteElo "2524"]
[BlackElo "2495"]
[Annotator "Tyomkin,D"]
[PlyCount "94"]
[EventDate "1999.08.04"]
[EventType "swiss"]
[EventRounds "9"]
[EventCountry "CAN"]
[SourceTitle "EXT 2000"]
[Source "ChessBase"]
[SourceDate "1999.11.16"]
[SourceVersion "1"]
[SourceVersionDate "1999.11.16"]
[SourceQuality "1"]

{My opponent had 4points out of 4,ahead of me and other players on half of
point.Pherhaps,other players would make a draw in this tournament situation,
but not Miezis,which is known fighter with very original style of play.} 1. c4
e6 2. e4 d5 3. exd5 exd5 4. d4 Bb4+ 5. Nc3 Qe7+ 6. Be2 Bg4 7. cxd5 $5 $146 {
[%mdl 512] Very logical continuation for white.Miezis had played 7.Kf1 before
which looks dubious.} (7. Kf1 Bxe2+ 8. Ngxe2 dxc4 9. Qa4+ c6 10. Nd5 b5 11.
Nxe7 bxa4 12. Nf5 g6 (12... Ne7 13. Nxg7+ Kd7 14. a3 Bd6 15. Bh6 $5 (15. Nc3))
13. Ne3 Nd7 14. Nxc4 $11 {0-1 Miezis,N-Barsov,A/AKN Open, Haarlem NED 1998 (50)
}) 7... Nf6 (7... Nd7 8. Be3 Bxe2 9. Ngxe2 Ngf6 10. O-O $16) 8. Bg5 Nbd7 (8...
O-O $6 9. Bxf6 {forcing black to capture with the pawn.}) 9. h3 Bh5 (9... Bxe2
10. Ngxe2 Bxc3+ 11. bxc3 Qe4 12. O-O {Black can not castle and take back the
pawn in same time.}) 10. g4 Bg6 11. Kf1 {White wants to build the setup-Bf3,
Nge2,Kg2,but it costs him time.Better was to choose more natural way,but
Miezis is very creative player,and his play sometimes is very original.} (11.
Nf3 $142 Qd6 $1 (11... O-O 12. O-O h6 (12... Nb6 13. Re1) 13. Bh4 Nb6 14. Re1
Bxc3 15. bxc3 Nbxd5 16. Qb3 $16) 12. Bxf6 Nxf6 13. Qa4+ Kf8 {[%cal Gb4c3,Yf6d5,
Yd5f4,Yd5c3] /\Bxc3}) 11... O-O 12. Bf3 Qd6 13. Nge2 Nb6 14. Bf4 (14. Qb3 Bd3
$1 {[%cal Gd3c4] /\Bc4} 15. Bxf6 Qxf6 $1 {[%csl Rf3]} 16. Kg2 {Black can take
back a pawn or continue the pressure:} Bxc3 {[%cal Gd3c4]} ({or} 16... Qd6))
14... Qd7 15. Be5 Nfxd5 16. Nxd5 Nxd5 17. h4 f6 $5 {[%mdl 512] This is not a
blunder,just another pawn sacrifice!I had fighted all opening moves for to
take back a pawn,and now I am sacrificing it again,but I've seen that it leeds
to the strong initiative.} (17... f5 18. Qb3 Bf7 19. Rg1 {[%csl Rg7] xg7}) (
17... h6 18. g5 hxg5 19. hxg5 c6 $11) 18. Bxc7 Rfe8 {[%cal Yg6e4] Intending to
change whites main defender-Bf3.} 19. Bg3 Be4 20. Qb3 Kh8 (20... a5 $5 $44 {
[%cal Ga5a4]}) 21. Kg2 $2 {And this is a blunder! It was second game of that
day,and both players were tired.} (21. g5 $142 Rac8 $44) 21... Qxg4 $17 22.
Bxe4 Qxe4+ 23. Qf3 Rad8 (23... Qxe2 24. Qxd5 b6 $17) 24. Qxe4 Rxe4 25. Kf3 Rde8
26. Nf4 Rxd4 27. Rad1 $2 (27. Nxd5 $142 Rxd5 28. Rhd1 (28. Rac1 g6 $17) 28...
Rxd1 29. Rxd1 Kg8 30. a3 Bf8 31. Rd7 Re7 32. Rd8 Kf7 33. h5 g6 $17) 27... Rxd1
28. Rxd1 Nb6 $1 {That is the point!Black has to keep knights in the game,which
increases his advantage.} 29. h5 Kg8 30. Rc1 Bd6 31. Rd1 Nc4 32. b3 Ne5+ 33.
Kg2 Bb8 34. h6 $2 {Another unaccuracy of white.He tries to get some
counterplay creating weakness on-f6,but black succesfully protects that point.
On other hand,after 34...g6,black may easily gain h6-pawn.} g6 35. Ne6 Nf7 36.
Nc5 Bxg3 37. Kxg3 Re7 38. Kf3 (38. Nd7 f5 39. Nf6+ Kh8 $19 {[%csl Rh6]}) 38...
Nxh6 39. Rd8+ Kg7 40. Ra8 b6 41. Ne4 Nf5 42. Nc3 Nd4+ 43. Kg3 h5 44. Nd5 Rd7
45. Nf4 Kh6 {[%cal Gg6g5]} 46. Rh8+ Kg5 47. Rg8 $2 {Final blunder in hopeless
position.} h4+ 0-1

[Event "FRA-chT"]
[Site "France"]
[Date "2001.02.04"]
[Round "3.2"]
[White "Winants, Luc"]
[Black "Gurevich, Mikhail"]
[Result "1/2-1/2"]
[WhiteElo "2515"]
[BlackElo "2694"]
[Annotator "Winants,L"]
[PlyCount "85"]
[EventDate "2001.02.02"]
[EventType "team"]
[EventRounds "11"]
[EventCountry "FRA"]
[SourceTitle "CBM 083"]
[Source "ChessBase"]
[SourceDate "2001.07.05"]
[SourceVersion "1"]
[SourceVersionDate "2001.07.05"]
[SourceQuality "1"]
[WhiteTeam "Cappelle la Grande"]
[BlackTeam "Gonfreville"]
[WhiteTeamCountry "FRA"]
[BlackTeamCountry "FRA"]

{[%mdl 2048]} 1. d4 e6 2. e4 d5 3. Nc3 Nf6 4. exd5 exd5 5. Bg5 Be7 6. Bd3 Nc6
7. Nge2 Be6 (7... Nb4 8. Ng3 Nxd3+ 9. Qxd3 O-O 10. O-O (10. O-O-O $5) 10... c6
(10... h6 11. Bf4 Bd6 (11... Be6 12. Nd1 c5 13. dxc5 Bxc5 14. Ne3 Re8 15. Nef5
Ne4 16. Nd4 Qf6 17. Be3 Nxg3 18. hxg3 Bxd4 {1/2-1/2 Schlechter-Rubinstein, Bad
Pistyan 1912}) 12. Be5 (12. Bxd6 Qxd6 13. Rfe1 c6 14. Re2 Bg4 15. f3 Bd7 16.
Rae1 Rfe8 $11 {Kmoch-Tartakower, Vienne 1928}) (12. Qd2 $5 {Maroczy-Menchik,
Londres 1932}) 12... c6 13. f4 Ne8 14. f5 f6 15. Bf4 Bd7 16. Nh5 $14 {
Teichmann-Cohn, Breslau 1912}) 11. Rae1 h6 12. Bf4 Bd6 13. Be5 Ne8 (13... Bxe5
14. dxe5 {Leonhardt-Teichmann, San Sebastian 1912}) 14. Re2 (14. Nd1 f6 15.
Bxd6 Nxd6 16. Qg6 Qc7 17. Re2 Qf7 18. Qxf7+ Rxf7 $11 {Teichmann-Alapin, Bad
Pistyan 1912}) (14. f4 f6 15. Bxd6 Nxd6 16. f5 Bd7 17. Nh5 Be8 18. Nf4 Bf7 19.
Ne6 Bxe6 20. fxe6 (20. Rxe6 Re8 {1/2-1/2 Teichmann-Lowcki, Bad Pistyan 1912})
20... Qe7 21. g4 h5 22. gxh5 f5 23. Ne2 Qxe6 24. Nf4 Qh6 $13 {Rubinstein-Cohn,
Breslau 1912}) 14... f6 15. Bxd6 Nxd6 16. Rfe1 $14 {Schlechter-Lowcki, Bad
Pistyan 1912}) (7... O-O 8. O-O Ne8 $1 {Maroczy} 9. Bxe7 (9. Bf4 $5) 9... Nxe7
10. Ng3 (10. Qd2 Bf5 (10... c6 11. Rae1 Bf5 $11 {Teichmann-Maroczy, Karlsbad
1923}) 11. Ng3 Bxd3 12. Qxd3 c6 {Asztalos-Maroczy, Bled 1931}) (10. Re1 c6 11.
Qd2 Ng6 12. Rad1 Nd6 13. Nf4 Bf5 $11 {Tarrasch-Maroczy, Karlsbad 1923}) 10...
c6 (10... Nd6 11. Nce2 Bf5 12. Nxf5 Nexf5 13. Qd2 Re8 14. Rae1 Qd7 15. c3 c6
$11 {Eliskases-Spielmann, Linz 1932}) 11. Re1 Ng6 12. Nce2 Nd6 13. Qd2 Bd7 14.
Rad1 Qc7 15. Nc1 Rae8 16. Nb3 Bc8 17. Rxe8 Rxe8 18. Re1 Rxe1+ 19. Qxe1 Qe7 20.
Qxe7 Nxe7 21. Nd2 Nef5 22. Nxf5 Bxf5 23. Bxf5 Nxf5 {1/2-1/2 Selezniev-Maroczy,
Gothenburg 1920}) 8. Qd2 (8. f4 h6 (8... Ng4 9. Bxe7 Nxe7 10. Qd2 f5 11. Ng3
Nf6 12. O-O-O {Alekhine-NN, Paris 1925}) 9. f5 hxg5 10. fxe6 fxe6 11. Bg6+ Kd7
12. Qd2 Rh6 13. Bd3 Qh8 {Alekhine-Olland, Stockholm 1912}) (8. O-O h6 9. Bxf6
Bxf6 10. Bb5 Qd6 11. Bxc6+ Qxc6 12. Nf4 O-O-O 13. Nxe6 Qxe6 14. Ne2 Rde8 15.
Re1 Qf5 16. c3 h5 17. Qa4 a6 18. Ng3 Rxe1+ 19. Rxe1 Qd7 20. Qxd7+ Kxd7 {
1/2-1/2 Spielmann-Alekhine, San Remo 1930}) 8... h6 (8... Nb4 9. O-O-O Nxd3+
10. Qxd3 Qd7 11. Nf4 O-O-O 12. Qe2 Rhe8 13. Nxe6 fxe6 14. Bf4 {Alekhine-Geus,
Scheveningen 1913}) 9. Bf4 (9. Bh4 Qd7 10. f3 Ne4 $1 {Englund-Olland,
Stockholm 1912}) 9... Qd7 10. f3 Nb4 11. Bb5 (11. g4 $6 Nxd3+ 12. Qxd3 h5 $1
13. g5 (13. Nb5 Bd8 14. g5 Nh7) 13... Bf5) (11. Ng3 $5) 11... c6 12. Ba4 Qd8 (
12... Bf5 13. g4 Bh7 14. Ng3) (12... b5 13. Bb3 c5 14. dxc5 Bxc5 15. Nd4) 13.
a3 (13. Nd1) (13. g4) 13... Na6 14. Nd1 (14. g4) 14... Bf5 15. O-O (15. g4) (
15. c3) 15... Nc7 16. c3 Ne6 17. Bg3 (17. Be5 Nd7 18. Bg3 Nb6) 17... Nh5 18.
Bf2 Bh7 19. g4 Nf6 (19... Bg5 20. Be3 Nf6 (20... Bxe3+ 21. Nxe3 Qg5 22. h4) 21.
Nf2) 20. Bg3 Qa5 21. Bc2 Bxc2 22. Qxc2 h5 23. h3 hxg4 24. hxg4 Qd8 (24... O-O-O
) 25. Nf2 Bd6 26. Nd3 Bxg3 27. Nxg3 Qc7 28. Kg2 O-O-O 29. Rh1 Nd7 (29... Nf4+
30. Nxf4 Qxf4 31. Qf5+ $14) 30. Qd2 g6 31. Ne2 Qd6 32. Nef4 Ng5 33. Rae1 f5 (
33... Rxh1 34. Rxh1 Re8 35. Re1 Re7 36. a4 $11) 34. gxf5 gxf5 35. Qe3 Rdg8 36.
Rxh8 Rxh8 37. Rh1 Rxh1 38. Kxh1 Qf8 39. Kg2 Qg8 40. Kf2 Qh8 41. Kg2 Qg8 42. Kf2
(42. Qe7 Ne4+ 43. Kf1 Qg3 44. Qe8+ Kc7 45. fxe4 dxe4 46. Ne6+ (46. Qe7 exd3 47.
Ne6+ Kb6 48. Qb4+ (48. Qxd7 d2) (48. Qd8+ Ka6 49. Nc7+ Ka5) 48... Ka6 49. Qa4+
Kb6 50. Qb4+ $11) 46... Kd6 47. Ndc5 (47. Nec5 Qh3+ 48. Ke1 Qe3+ 49. Kd1 Qf3+
50. Kc1 Qf1+ 51. Kd2 Qg2+ $11) (47. Ndf4 e3 48. Nd3 Qf3+ 49. Ke1 Qh1+ 50. Ke2
Qg2+ 51. Kxe3 Qe4+ 52. Kd2 Qxe6) 47... Qf3+ 48. Ke1 Qe3+ 49. Kd1 Qf3+ 50. Kc2
Qe2+ 51. Kb1 Qf1+ 52. Ka2 Qc4+ $11) 42... Qh8 43. Kg2 1/2-1/2